LIBRARY & INFORMATION CENTRE, KCAET, TAVANUR

ONLINE PUBLIC ACCESS CATALOGUE (OPAC)

Life and letters of John Keats / (Record no. 417)

MARC details
000 -LEADER
fixed length control field 00562cam a2200217ua 4500
041 ## - LANGUAGE CODE
Language code of text/sound track or separate title eng
082 ## - DEWEY DECIMAL CLASSIFICATION NUMBER
Classification number 928.21
Item number HOU/LI
100 ## - MAIN ENTRY--AUTHOR NAME
Personal name Houghton, Lord .
245 ## - TITLE STATEMENT
Title Life and letters of John Keats /
260 ## - PUBLICATION, DISTRIBUTION, ETC. (IMPRINT)
Place of publication London :
Name of publisher Oxford University Press ,
Year of publication 1951.
300 ## - PHYSICAL DESCRIPTION
Number of Pages 282 ; .
490 0# - SERIES STATEMENT
Series statement The World`s Classics,
Volume number/sequential designation
650 ## - SUBJECT ADDED ENTRY--TOPICAL TERM
Topical Term Biography
942 ## - ADDED ENTRY ELEMENTS (KOHA)
Koha item type Books
Holdings
Withdrawn status Lost status Damaged status Home library Current library Date acquired Cost, normal purchase price Full call number Accession Number Koha item type Public note
Withdrawn     KAUAET Malayalam University 07/04/2012   928.21 6492 Books Transferred to Malayalam University
Withdrawn     KAUAET Sanskrit University 07/04/2012 8.60 928.21 6624 Books Transferred to Sanskrit University
free website counter